Música y máquina: música concreta, electrónica y futurista. Nuevos instrumentos. Robots. Discografía

Furkejuvvon:
Bibliográfalaš dieđut
Váldodahkki: Prieberg, Fred K (Dahkki)
Materiálatiipa: Girji
Giella:espánnjágiella
Almmustuhtton: Barcelona Zeus 1964
Fáttát:
Fáddágilkorat: Lasit fáddágilkoriid
Eai fáddágilkorat, Lasit vuosttaš fáddágilkora!

MARC

LEADER 00000nam a2200000 a 4500
001 UCM6125
003 CL-VaPUC
008 021025e19640000SP |||||||||||||||||spa|d
082 0 4 |a 786.75  |b PRI  |2 21 
100 0 |a Prieberg, Fred K  |e author  |9 472099 
245 1 0 |a Música y máquina: música concreta, electrónica y futurista. Nuevos instrumentos. Robots. Discografía 
300 |a 375 p 
942 |c BK 
945 |d 20021025 00:00:00  |a lriquelm 
260 |a Barcelona  |b Zeus  |c 1964 
650 0 |a Música concreta  |9 306459 
650 0 |a Música electrónica  |9 306461 
650 0 |a Discografía  |9 420725 
650 0 |a Música de películas  |9 472100 
583 |a last modification  |c 20021025 00:00:00  |k Rodrigo Vera 
999 |c 301735  |d 301733 
952 |0 0  |1 0  |4 0  |6 786_750000000000000_PRI_1964  |7 0  |8 A  |9 361279  |a BIBEDU  |b BIBEDU  |d 2019-11-21  |i 3853225  |o 786.75 PRI 1964  |p 3853225  |r 2023-01-12  |w 2019-11-21  |y BK  |k MUS